Statistiken für Liedtext - Bye Bye - Cro

Klicken Sie hier um das Quiz zu spielen!

Allgemein

  • Dieses Quiz wurde 1.214 mal gespielt
  • Das Durchschnittsergebnis liegt bei 370 aus 492

Antwortstatistiken

Textquiz% Korrekt
Bye
97%
Es
93%
es
93%
Mein
93%
mein
93%
da
92%
ist
92%
Liebe
92%
des
91%
Leben
91%
'ne
91%
ein
90%
ich
90%
Ich
90%
schön
90%
schon
90%
Und
90%
und
90%
meine
88%
zu
88%
das
87%
Das
87%
sie
87%
Sie
87%
Lebens
86%
Er
85%
er
85%
man
85%
Tag
85%
Wir
85%
wir
85%
du
84%
Mal
84%
seh'n
84%
sich
84%
wieder
84%
dann
83%
spät
83%
zwei
83%
die
82%
im
82%
so
82%
nie
81%
schöner
81%
an
80%
Bahn
80%
doch
80%
Doch
80%
Kann
80%
mich
80%
sein
80%
uns
80%
Was
80%
was
80%
begegnet
79%
der
79%
einfach
79%
komm
79%
auf
78%
beim
78%
werd'n
78%
zweiten
78%
aus
77%
warm
77%
unglaublich
76%
ja
75%
nicht
75%
beide
74%
draußen
74%
je
74%
dem
73%
sprich
73%
Weg
73%
Mann
71%
mit
71%
Bitte
69%
bitte
69%
diese
69%
Frau
69%
in
69%
nach
69%
sagen
69%
steht
69%
bin
68%
nur
68%
raus
68%
Wenn
68%
wenn
68%
dass
67%
für
67%
sagt
67%
steigt
67%
Hause
66%
sieht
66%
soll
66%
trau
66%
dich
65%
ganz
65%
kommt
65%
Kopf
65%
hast
64%
hat
64%
jetzt
64%
los
64%
nichts
64%
schönste
64%
ab
63%
gesehen
63%
kein'n
63%
Versager
63%
voller
63%
Wörter
63%
Also
61%
also
61%
bist
61%
denkt
61%
egal
61%
frei
61%
Typ
61%
denn
60%
ihn
59%
weil
59%
wow
59%
hin
58%
Schaut
58%
Setzt
58%
sicherlich
58%
Stell
58%
süß
58%
wann
58%
will
58%
Yeah
58%
yeah
58%
Herz
57%
hör
57%
noch
57%
spring
57%
Stadt
57%
dachte
56%
darauf
56%
diesen
56%
Fenster
56%
ihm
56%
Irgendwas
56%
Lauf
56%
findet
55%
knockt
55%
andre
54%
brauch
54%
Gedanken
54%
plötzlich
54%
steigen
54%
Tasche
54%
Bikini
53%
Frau'n
52%
freien
52%
lange
52%
lässt
52%
muss
52%
neue
52%
stand
52%
Ticket
52%
halt
51%
Menschen
51%
Paar
51%
alles
50%
Bock
50%
brauchen
50%
eben
50%
Sachen
50%
schau'n
50%
hart
49%
Platz
49%
Shopping
49%
außerdem
48%
Fahrt
48%
Zieht
48%
hört
47%
entspannt
46%
Herzschlag
46%
Lehnt
46%
zurück
45%
zusamm'n
45%
gehör'n
44%
würdest
43%
extra
42%
grad
42%
Lied
42%
wechselt
40%
Klar
38%
Sagte
37%
4,70
36%
lachte
34%
nen
34%
tun
33%

Verteilung der Resultate

Perzentil nach korrekt beantworteten Fragen

Anzahl Personen mit jedem Resultat

Ihre Resultats-Entwicklung

Sie haben dieses Quiz noch nicht gespielt